000 00441nam a2200181Ia 4500
008 221030s9999 xx 000 0 und d
020 _a0070141704
041 _aEnglish
082 _a105.23
100 _aD. P. Leach
245 0 _aDigital Principles & Applications
_cby D. P. Leach, A. P. Malvino
250 _a7th
260 _bTMH
_aNew Delhi
_c2011
300 _a682
650 _aComputers
700 _aA. P. Malvino
942 _cBK
999 _c9970
_d9970